000 01467cam a2200253 a 4500
005 20260322212048.0
008 data
010 _a 2011006635
020 _a9780814417621 (pbk.) :
_c{dollar}16.95
020 _a0814417620 (pbk.)
040 _aDLC
_cDLC
_dDLC
_dBTCTA
_dYDXCP
_dHSA
_dVP@
_dABG
_dCDX
_dDLC
043 _an-us---
050 0 0 _aHF5383
_b.B4335 2011
082 0 0 _a650.14/2
_222
092 _a650.14 B43 2011
100 1 _aBeshara, Tony,
_d1948-
245 1 0 _aUnbeatable resumes :
_bAmerica's top recruiter reveals what really gets you hired /
_cTony Beshara.
260 _aNew York, NY :
_bAMACOM,
_cc2011.
300 _axi, 324 p. :
_bill. ;
_c26 cm.
500 _aIncludes index.
505 0 _aThe top ten (BIG) mistakes of résumé writing -- Straight talk about your résumé (from a guy whose living depends on using them) -- Surprising facts about your résumé audience -- The résumés 3,000 hiring authorities want to see -- Key features of the most effective résumés -- The basic résumé and some résumé makeovers -- Sample traditional résumés -- Nontraditional résumés -- E-mailing résumés, cover letters, and attachments : increasing the chances your résumé will get read -- Leveraging your résumé -- How to handle common résumé problems (too many jobs, employment gaps, changing careers, relocating, etc) -- The top ten rules (you now know) of résumé writing.
650 0 _aRésumés (Employment)
_zUnited States.
001 data
999 _c1126
_d1126